[Event "Botvinnik 100th Open"]
[Site "St Petersburg RUS"]
[Date "2011.08.13"]
[Round "2"]
[White "Artemiev, Vladislav"]
[Black "Solovyov, Viktor"]
[Result "1-0"]
[WhiteTitle "FM"]
[WhiteElo "2401"]
[BlackElo "2264"]
[WhiteFideId "24101605"]
[BlackFideId "4102754"]
[EventDate "2011.08.12"]

1. d4 d5 2. c4 dxc4 3. Nf3 Nf6 4. e3 e6 5. Bxc4 c5 6. O-O a6 7. a4 Nc6 8. Qe2
Be7 9. Rd1 Qc7 10. Nc3 O-O 11. Bd2 Rd8 12. dxc5 Bxc5 13. h3 Bd7 14. Rac1 Rac8
15. Bd3 Qb8 16. Nd5 Nxd5 17. Rxc5 Ncb4 18. Rxc8 Qxc8 19. Ng5 h6 20. Bh7+ Kf8 21.
Nxf7 Kxf7 22. Qh5+ Kf8 23. Qf3+ Ke7 24. e4 Rf8 25. Qg3 Qc2 26. Bxb4+ Nxb4 27.
Qd6+ 1-0

[Event "Botvinnik 100th Open"]
[Site "St Petersburg RUS"]
[Date "2011.08.13"]
[Round "2"]
[White "Kiselev, Pavel"]
[Black "Musalov, Ruslan"]
[Result "0-1"]
[WhiteElo "2191"]
[BlackElo "2399"]
[WhiteFideId "4191102"]
[BlackFideId "4141490"]
[EventDate "2011.08.12"]

1. e4 e5 2. Nf3 Nc6 3. Bb5 Nf6 4. O-O Nxe4 5. d4 Nd6 6. Bxc6 dxc6 7. dxe5 Nf5 8.
Qxd8+ Kxd8 9. Bg5+ Ke8 10. Rd1 Be6 11. Nd4 Nxd4 12. Rxd4 h6 13. Be3 Bf5 14. Rd2
Rd8 15. Rxd8+ Kxd8 16. c3 Kd7 17. Nd2 c5 18. f4 Be7 19. Nf3 Be6 20. b3 a5 21.
Nd2 a4 22. c4 Kc6 23. Kf2 Ra8 24. Rc1 axb3 25. axb3 Ra2 26. Kf3 h5 27. h3 h4 28.
Ne4 Rb2 29. Rc3 Bf5 30. Nd2 Rc2 31. Rxc2 Bxc2 32. Bf2 Kd7 33. Ke3 Ke6 34. Nf3
Bxb3 35. Kd3 Kf5 36. Nxh4+ Kxf4 37. e6 b5 38. Be3+ Ke5 39. Nf3+ Kxe6 40. cxb5
Kd5 41. Bf4 Bc4+ 42. Ke3 Bxb5 43. Bxc7 c4 44. Be5 Bc5+ 45. Bd4 c3 46. Bxc5 Kxc5
47. h4 Bf1 48. Ne1 Kc4 49. g4 Kb3 50. h5 Kb2 51. g5 c2 52. Nxc2 Kxc2 53. h6 gxh6
54. gxh6 Bd3 55. Kd4 Bh7 56. Ke5 f5 0-1

[Event "Botvinnik 100th Open"]
[Site "St Petersburg RUS"]
[Date "2011.08.13"]
[Round "2"]
[White "Solovjov, Sergey I."]
[Black "Usmanov, Vasily"]
[Result "1-0"]
[WhiteTitle "IM"]
[WhiteElo "2387"]
[BlackElo "2260"]
[WhiteFideId "4122780"]
[BlackFideId "4135741"]
[EventDate "2011.08.12"]

1. e4 c5 2. Nf3 d6 3. d4 cxd4 4. Nxd4 Nf6 5. Nc3 Nc6 6. Bg5 Bd7 7. Qd2 Rc8 8. f4
Nxd4 9. Qxd4 Qa5 10. e5 dxe5 11. fxe5 e6 12. O-O-O Bc6 13. Nb5 Bxb5 14. exf6 Bc6
15. h4 g6 16. Bc4 Bc5 17. Qe5 Bb4 18. Qe2 O-O 19. Bh6 Rfe8 20. h5 Rcd8 21. hxg6
Rxd1+ 22. Kxd1 Qd8+ 23. Bd3 fxg6 24. f7+ Kxf7 25. Qe5 Re7 26. Rf1+ Kg8 27. Qf6
Rd7 28. Qxe6+ Kh8 29. Qe5+ Kg8 30. Kc1 Bd5 31. Bb5 Bc6 32. Bc4+ Bd5 33. Bxd5+ 1-0

[Event "Botvinnik 100th Open"]
[Site "St Petersburg RUS"]
[Date "2011.08.13"]
[Round "2"]
[White "Emdin, Mark"]
[Black "Pankov, German"]
[Result "0-1"]
[BlackTitle "FM"]
[WhiteElo "2068"]
[BlackElo "2387"]
[WhiteFideId "4100050"]
[BlackFideId "4174569"]
[EventDate "2011.08.12"]

1. e4 c5 2. Nc3 Nc6 3. g3 g6 4. Bg2 Bg7 5. d3 d6 6. f4 e6 7. Nf3 Nge7 8. O-O O-O
9. Be3 Nd4 10. e5 Nef5 11. Bf2 Nxf3+ 12. Bxf3 dxe5 13. fxe5 Bxe5 14. Na4 Bd4 15.
Qd2 Bxf2+ 16. Qxf2 Nd4 17. Nxc5 Nxf3+ 18. Qxf3 Qd4+ 19. Qf2 Qxb2 20. Ne4 f5 21.
Nd6 Rd8 22. Rab1 Qg7 23. Qf4 b6 24. Nc4 Qd4+ 25. Qxd4 Rxd4 26. Rfe1 Kg7 27. Re3
Kf6 28. c3 Rd5 29. d4 Bb7 30. Rbe1 Re8 31. Ne5 Rdd8 32. Nf3 g5 33. Kf2 Bd5 34.
a3 Rc8 35. Ne5 Rc7 36. Ke2 h5 37. Kd2 Rh7 38. c4 Be4 39. Rf1 Ke7 40. Kc3 Kd6 41.
Rxe4 fxe4 42. Nf7+ Ke7 43. Nxg5 Rg7 44. Nxe4 Rf8 45. Re1 Rf3+ 46. Kb4 Kd7 47. c5
Kc6 48. Nd6 Rg4 49. Nc4 a5+ 0-1

[Event "Botvinnik 100th Open"]
[Site "St Petersburg RUS"]
[Date "2011.08.13"]
[Round "2"]
[White "Bulanov, Dmitri"]
[Black "Skvortsov, Alexander"]
[Result "1/2-1/2"]
[WhiteTitle "FM"]
[WhiteElo "2379"]
[BlackElo "2103"]
[WhiteFideId "13506382"]
[BlackFideId "24170038"]
[EventDate "2011.08.12"]

1. e4 c5 2. Nf3 e6 3. d4 cxd4 4. Nxd4 a6 5. Be2 Nf6 6. Nc3 d6 7. O-O Be7 8. a4
O-O 9. Be3 Nc6 10. f4 Bd7 11. Nb3 Nb4 12. Bf3 e5 13. Nd5 Nfxd5 14. exd5 Bf5 15.
Rf2 Rc8 16. Rc1 Na2 17. Ra1 Nb4 18. Rc1 Na2 19. Ra1 Nb4 1/2-1/2

[Event "Botvinnik 100th Open"]
[Site "St Petersburg RUS"]
[Date "2011.08.13"]
[Round "2"]
[White "Mokshanov, Alexey"]
[Black "Azimova, Karina"]
[Result "1-0"]
[WhiteTitle "FM"]
[WhiteElo "2372"]
[BlackElo "2087"]
[WhiteFideId "24121657"]
[BlackFideId "4108310"]
[EventDate "2011.08.12"]

1. e4 e5 2. Nf3 d6 3. d4 exd4 4. Nxd4 Nf6 5. Nc3 Be7 6. Bf4 O-O 7. Qd2 c6 8.
O-O-O b5 9. f3 b4 10. Nce2 c5 11. Nf5 Bxf5 12. exf5 d5 13. g4 d4 14. g5 Nd5 15.
f6 Nxf6 16. gxf6 Bxf6 17. Ng3 Nc6 18. Ne4 Be7 19. Rg1 Re8 20. Bc4 g6 21. h4 Bxh4
22. Nd6 Re7 23. Qh2 Bf6 24. Rde1 Ne5 25. Rxe5 1-0

[Event "Botvinnik 100th Open"]
[Site "St Petersburg RUS"]
[Date "2011.08.13"]
[Round "2"]
[White "Vlasenko, Miroslav"]
[Black "Atlas, Eduard"]
[Result "1-0"]
[WhiteTitle "IM"]
[WhiteElo "2371"]
[BlackElo "2069"]
[WhiteFideId "4151887"]
[BlackFideId "24111767"]
[EventDate "2011.08.12"]

1. d4 d5 2. Nf3 Nf6 3. e3 e6 4. Bd3 Bd6 5. Nbd2 Nc6 6. e4 e5 7. dxe5 Bxe5 8. O-O
O-O 9. exd5 Qxd5 10. Nc4 h6 11. Ncxe5 Nxe5 12. Nxe5 Qxe5 13. Re1 Qd6 14. Qf3 c6
15. b3 Bg4 16. Qg3 Qxg3 17. hxg3 Rfe8 18. Bb2 Nd5 19. a3 Rad8 20. Kf1 Rxe1+ 21.
Rxe1 Kf8 22. Re5 Nf6 23. f3 Be6 24. Ke2 Nd7 25. Ra5 a6 26. Rh5 Bd5 27. a4 Ke8
28. c4 Be6 29. a5 f6 30. Bc2 Bf7 31. Rh4 Nc5 32. Rd4 Rxd4 33. Bxd4 Ne6 34. Bc3
Kf8 35. Ke3 Ke8 36. g4 Kd7 37. b4 Nc7 38. Bd3 Ne6 39. Be1 Nf8 40. Bf5+ Be6 41.
Bd3 Bf7 42. Kd4 Ne6+ 43. Kc3 Nc7 44. Bg3 Ne6 45. Bf5 Be8 46. Bf2 Ke7 47. Be3 Bd7
48. Bd3 Be8 49. Be4 Kd7 50. b5 Kd6 51. bxa6 bxa6 52. Ba7 Nc5 53. Bf5 Nd7 54. Bf2
g6 55. Bg3+ Kc5 56. Bd3 Bf7 57. Bf4 h5 58. gxh5 gxh5 59. Bc1 Kd6 60. c5+ Kc7 61.
Bxa6 Nxc5 62. Bf4+ Kd7 63. Bf1 Ne6 64. Bg3 Nc7 65. Kb4 Kc8 66. Kc5 Kb7 67. Bxc7
Kxc7 68. g3 Bd5 69. Be2 f5 70. f4 Bf7 71. a6 Be8 72. Bf3 Bd7 73. a7 1-0

[Event "Botvinnik 100th Open"]
[Site "St Petersburg RUS"]
[Date "2011.08.13"]
[Round "2"]
[White "Klimentiev, Sergey"]
[Black "Lintchevski, Daniil"]
[Result "0-1"]
[BlackTitle "GM"]
[WhiteElo "1698"]
[BlackElo "2553"]
[WhiteFideId "24155896"]
[BlackFideId "4171055"]
[EventDate "2011.08.12"]

1. f4 e5 2. fxe5 d6 3. exd6 Bxd6 4. Nf3 g5 5. g3 g4 6. Nh4 Ne7 7. d4 Ng6 8. Nxg6
hxg6 9. Qd3 Nc6 10. c3 Qe7 11. Bg2 Bf5 12. Qe3 Qxe3 13. Bxe3 O-O-O 14. Kf2 Rh5
15. Nd2 Rdh8 16. Nf1 Be6 17. Bd2 Ne7 18. e4 c6 19. b3 f5 20. e5 Bc7 21. Rb1 g5
22. Rc1 f4 23. Be4 Rf8 24. Ke2 Bb6 25. Rd1 c5 26. Bc1 Nd5 27. Bb2 cxd4 28. cxd4
Rfh8 29. Kf2 fxg3+ 30. Nxg3 Rxh2+ 31. Kg1 R2h4 32. Rxh4 gxh4 33. Nf5 Kd7 34. Rf1
g3 35. Rf3 Ne7 36. Nxe7 Kxe7 37. Bxb7 Rg8 38. Rd3 h3 39. Ba3+ Kd7 40. Bc5 Bxc5
41. dxc5+ Kc7 42. Bf3 Rf8 43. Be4 Rf4 44. Bg2 hxg2 45. Kxg2 Rf2+ 46. Kxg3 Rxa2
47. b4 Re2 48. b5 Rxe5 49. b6+ axb6 50. cxb6+ Kxb6 51. Kf4 Rf5+ 52. Ke4 Kc6 53.
Rc3+ Kd6 54. Rd3+ Ke7 55. Rf3 Ra5 56. Re3 Kd6 57. Rd3+ Bd5+ 58. Kf4 Ra8 59. Rd4
Rc8 60. Ke3 Ke5 61. Rh4 Rc3+ 62. Ke2 Ra3 63. Kd2 Be4 64. Rh8 Kd4 65. Rd8+ Bd5
66. Rc8 Rd3+ 67. Kc1 Rh3 68. Rd8 Rh2 69. Kd1 Ra2 70. Rc8 Bc4 71. Rd8+ Kc3 72.
Ke1 Re2+ 73. Kd1 Re7 74. Rd6 Bb3+ 0-1

[Event "Botvinnik 100th Open"]
[Site "St Petersburg RUS"]
[Date "2011.08.13"]
[Round "2"]
[White "Onischuk, Vladimir"]
[Black "Eryshkanova, Anastasiya"]
[Result "1-0"]
[WhiteTitle "IM"]
[BlackTitle "WFM"]
[WhiteElo "2490"]
[BlackElo "2122"]
[WhiteFideId "14114038"]
[BlackFideId "24119059"]
[EventDate "2011.08.12"]

1. Nf3 Nf6 2. g3 d5 3. Bg2 e6 4. O-O c5 5. d3 Nc6 6. Nbd2 Be7 7. e4 O-O 8. Re1
b5 9. a4 b4 10. b3 Ba6 11. Bb2 Rc8 12. Bf1 Qb6 13. exd5 exd5 14. Nh4 Rce8 15.
Nf5 Bd8 16. Qf3 Qc7 17. Bg2 Ne5 18. Qf4 d4 19. Ne4 Nd5 20. Qd2 Qc6 21. Ned6 Re6
22. Nc4 Rfe8 23. Bxd4 Bf6 24. Bxe5 Bxe5 25. Nxe5 Rxe5 26. Rxe5 Rxe5 27. Ne3 h6
28. Nxd5 Rxd5 29. Re1 Bb7 30. Qe3 Qf6 31. Bxd5 Bxd5 32. f3 g5 33. h3 a5 34. Kg2
Qc3 35. Re2 Qf6 36. Rf2 Qd6 37. Kh2 Bc6 38. Rd2 Qf6 39. Re2 Qf5 40. g4 Qf6 41.
Kg3 Qa1 42. Qxc5 1-0

[Event "Botvinnik 100th Open"]
[Site "St Petersburg RUS"]
[Date "2011.08.13"]
[Round "2"]
[White "Kharmunova, Nadejda"]
[Black "Baryshpolets, Andrey"]
[Result "0-1"]
[WhiteTitle "WFM"]
[BlackTitle "IM"]
[WhiteElo "2181"]
[BlackElo "2474"]
[WhiteFideId "4195876"]
[BlackFideId "14117207"]
[EventDate "2011.08.12"]

1. e4 c5 2. Nf3 d6 3. d4 cxd4 4. Nxd4 Nf6 5. Nc3 Nc6 6. g3 Bg4 7. Nxc6 bxc6 8.
f3 Bd7 9. Be3 e5 10. Qd2 Be7 11. Bc4 O-O 12. O-O-O Be6 13. Bb3 Qc7 14. g4 Nd7
15. Bg5 Bxg5 16. Qxg5 Nc5 17. h4 Rfd8 18. h5 h6 19. Qe3 Qb6 20. Rhe1 Rab8 21. g5
Nxb3+ 22. axb3 Qxe3+ 23. Rxe3 hxg5 24. Red3 g4 25. Rxd6 Rxd6 26. Rxd6 gxf3 27.
Kd2 Rc8 28. Ke3 Bg4 29. h6 g6 30. Nd1 Kh7 31. Nf2 f5 32. Nd3 Re8 33. Rxc6 fxe4
34. Nf2 Bf5 35. Rf6 Kxh6 36. Rf7 Be6 37. Rf6 Kg7 38. Nxe4 Bf5 39. Ra6 Bxe4 40.
Rxa7+ Kh6 41. Kxe4 Rf8 42. Ra1 g5 43. Ke3 g4 44. Kf2 Kg5 45. Kg3 e4 46. b4 f2 0-1

[Event "Botvinnik 100th Open"]
[Site "St Petersburg RUS"]
[Date "2011.08.13"]
[Round "2"]
[White "Kobzar, Alexandr"]
[Black "Malakhov, Igor"]
[Result "1/2-1/2"]
[BlackTitle "FM"]
[WhiteElo "2184"]
[BlackElo "2448"]
[WhiteFideId "14113660"]
[BlackFideId "4183088"]
[EventDate "2011.08.12"]

1. e4 c5 2. Nc3 Nc6 3. f4 e6 4. Nf3 d5 5. Bb5 Ne7 6. exd5 Nxd5 7. Bxc6+ bxc6 8.
d3 Bd6 9. O-O Bxf4 10. Bxf4 Nxf4 11. Ne4 O-O 12. Kh1 Qd5 13. Qd2 e5 14. Nxe5
Qxe5 15. Qxf4 Qxb2 16. c3 Be6 17. Rae1 Rad8 18. Re3 f5 19. Rg3 Bd5 20. Qc7 Bf7
21. Rxg7+ Kxg7 22. Qe5+ Kh6 23. Qf4+ Kg7 24. Qe5+ Kh6 25. Qf4+ Kg7 26. Qe5+ Kh6
27. Qf4+ 1/2-1/2

[Event "Botvinnik 100th Open"]
[Site "St Petersburg RUS"]
[Date "2011.08.13"]
[Round "2"]
[White "Tunik, Gennady"]
[Black "Palchun, Grigory"]
[Result "1/2-1/2"]
[WhiteTitle "GM"]
[WhiteElo "2440"]
[BlackElo "2144"]
[WhiteFideId "4101219"]
[BlackFideId "24147338"]
[EventDate "2011.08.12"]

1. d4 Nf6 2. c4 e6 3. Nf3 Bb4+ 4. Bd2 Qe7 5. g3 Nc6 6. Nc3 Bxc3 7. Bxc3 Ne4 8.
Rc1 d6 9. Bg2 O-O 10. d5 Nxc3 11. Rxc3 Nb8 12. dxe6 fxe6 13. Nd4 c6 14. O-O Nd7
15. Nc2 Nf6 16. e4 e5 17. Rd3 Be6 18. Ne3 Rad8 19. Qd2 Rd7 20. Rd1 Rfd8 21. h3
Qf7 22. Qc2 Qh5 23. Kh2 Ng4+ 24. Nxg4 Bxg4 25. R1d2 Be6 26. b3 Kh8 27. Qc3 b6
28. a4 Qf7 29. a5 h6 30. axb6 axb6 31. Qb4 b5 32. Rxd6 Rxd6 33. Rxd6 Rxd6 34.
Qxd6 bxc4 35. bxc4 Bxc4 36. Qxc6 Kh7 37. Qc5 Ba6 38. Kg1 Qf6 39. Qc7 Bd3 40. h4
Kh8 41. Qd7 Be2 42. Bh3 Bc4 43. Qe8+ Kh7 44. Qc8 Bf7 45. Bf5+ g6 46. Bg4 Kg7 47.
Qc5 Bg8 48. Bd7 Bf7 49. Bc6 g5 50. hxg5 hxg5 51. Bd5 Bg6 52. Qc8 Bh7 53. Qe8 Kh6
54. Qd7 Bg6 55. Qh3+ Kg7 56. Kg2 Qe7 57. Qc8 Qf6 58. Qb7+ Kh6 59. Qd7 Bh5 60.
Kg1 Bg6 61. Qc8 Kg7 62. Qh3 Qe7 63. Kg2 Qf6 64. Qc8 Bh5 65. Qc3 Kh6 66. f3 Kg7
67. Qb3 Bg6 68. Be6 Bh5 69. Qb7+ Kh6 70. Bf5 Bf7 71. Qc7 Kg7 72. Qc5 Kg8 73. Qa3
Kg7 74. Qa1 Qd6 75. Qh1 Qh6 76. Qc1 Qf6 77. Qc7 Kg8 78. Kf2 Kg7 79. Ke3 Kh6 80.
Bg4 Bg6 81. Kd3 Bf7 82. Kc3 Kg6 83. Kb4 Kh6 84. Kc5 Kg6 85. Bf5+ Kg7 86. Qd7 Qa6
87. Qd2 Qa3+ 88. Kc6 Qa6+ 89. Kc7 Qa7+ 90. Kd6 Qb6+ 91. Kd7 Qb7+ 92. Kd6 Qb6+
93. Ke7 Qc5+ 94. Qd6 Qxd6+ 95. Kxd6 Kf6 1/2-1/2

[Event "Botvinnik 100th Open"]
[Site "St Petersburg RUS"]
[Date "2011.08.13"]
[Round "2"]
[White "Petrova, Irina"]
[Black "Ulanov, Alexandr"]
[Result "1/2-1/2"]
[WhiteTitle "WFM"]
[BlackTitle "IM"]
[WhiteElo "2125"]
[BlackElo "2371"]
[WhiteFideId "14124122"]
[BlackFideId "24107646"]
[EventDate "2011.08.12"]

1. d4 d5 2. c4 dxc4 3. Nf3 a6 4. e3 e6 5. Bxc4 b5 6. Bd3 Bb7 7. O-O Nf6 8. a4 b4
9. Nbd2 c5 10. Nc4 Nbd7 11. Qe2 Be7 12. b3 O-O 13. Bb2 Rc8 14. Rfd1 Qc7 15. Rac1
cxd4 16. Bxd4 Rfd8 17. e4 Nc5 18. Be5 Qc6 19. Na5 Qb6 20. Nxb7 Qxb7 21. Bxf6
Bxf6 22. Bc4 Qxe4 23. Qxe4 Nxe4 24. Bxa6 Rxc1 25. Rxc1 Bc3 26. Bc4 g5 27. h3 h5
28. g4 hxg4 29. hxg4 Kg7 30. Kf1 Nd2+ 31. Nxd2 Rxd2 32. a5 Bd4 33. Be2 Rb2 34.
Rd1 Bc5 35. Rc1 Bd4 36. Rd1 e5 37. Rd3 Rb1+ 38. Kg2 Ra1 39. a6 Ra2 40. Kf1 Ra1+
41. Kg2 Ra2 1/2-1/2

[Event "Botvinnik 100th Open"]
[Site "St Petersburg RUS"]
[Date "2011.08.13"]
[Round "2"]
[White "Payen, Arnaud"]
[Black "Shirokov, Alexander"]
[Result "1/2-1/2"]
[WhiteTitle "IM"]
[WhiteElo "2339"]
[BlackElo "1888"]
[WhiteFideId "600814"]
[BlackFideId "24178071"]
[EventDate "2011.08.12"]

1. Nf3 Nf6 2. c4 e6 3. g3 d5 4. Bg2 Be7 5. O-O c5 6. b3 Nc6 7. e3 O-O 8. Bb2 b6
9. Nc3 Bb7 10. cxd5 Nxd5 11. Nxd5 Qxd5 12. d4 Rad8 13. Ne5 Qd6 14. dxc5 Qxc5 15.
Nd7 Qf5 16. e4 Qg5 17. h4 Qh6 18. Bc1 g5 19. hxg5 Qg7 20. Nf6+ Bxf6 21. gxf6
Qxf6 22. Qg4+ Qg6 23. Qh4 Nd4 24. Bh6 Rfe8 25. Rfd1 e5 26. Be3 Ne6 27. b4 Nd4
28. Rd2 Bc6 29. a4 a6 30. Ra3 Qg7 31. Bh6 Qg6 32. Be3 Qg7 33. Qh5 Qg6 34. Qxg6+
hxg6 35. f3 Rd6 36. Bxd4 exd4 37. a5 bxa5 38. bxa5 g5 39. Rad3 Re5 40. f4 gxf4
41. gxf4 Rxa5 1/2-1/2

[Event "Botvinnik 100th Open"]
[Site "St Petersburg RUS"]
[Date "2011.08.13"]
[Round "2"]
[White "Barhudarian, Rafael"]
[Black "Kazantsev, Alexandr"]
[Result "1-0"]
[WhiteTitle "FM"]
[WhiteElo "2325"]
[BlackElo "1958"]
[WhiteFideId "4182685"]
[BlackFideId "24181668"]
[EventDate "2011.08.12"]

1. Nc3 d5 2. d4 Nf6 3. Bg5 Nbd7 4. Qd3 c5 5. e4 cxd4 6. Bxf6 dxe4 7. Qxd4 exf6
8. O-O-O Bc5 9. Qd5 Qe7 10. Bb5 a6 11. Bxd7+ Bxd7 12. Qxb7 Ra7 13. Qb8+ Qd8 14.
Qxd8+ Kxd8 15. Nxe4 Bb6 16. Nf3 Kc8 17. Nd4 Rf8 18. Rhe1 Rc7 19. f3 Kb8 20. c3
h5 21. Nd6 Bxd4 22. Rxd4 Be6 23. Kc2 Rc6 24. a4 g5 25. b4 Rd8 26. Red1 Rd7 27.
b5 axb5 28. axb5 Rb6 29. c4 Rc7 30. Kb3 g4 31. f4 Rxd6 32. Rxd6 Bxc4+ 33. Kb4
Be6 34. Rb6+ Ka7 35. Rc6 Rb7 36. Rd8 Re7 37. Kc5 h4 38. Kd6 1-0

[Event "Botvinnik 100th Open"]
[Site "St Petersburg RUS"]
[Date "2011.08.13"]
[Round "2"]
[White "Senkevich, Konstantin"]
[Black "Kuzubov, Yuriy"]
[Result "0-1"]
[BlackTitle "GM"]
[WhiteElo "2020"]
[BlackElo "2630"]
[WhiteFideId "4192389"]
[BlackFideId "14112906"]
[EventDate "2011.08.12"]

1. e4 c5 2. Nc3 Nc6 3. g3 g6 4. Bg2 Bg7 5. Nf3 Nf6 6. O-O O-O 7. d3 Rb8 8. a4 a6
9. Be3 d6 10. h3 Nd7 11. Qd2 Re8 12. d4 cxd4 13. Nxd4 Nde5 14. b3 Bxh3 15. Bxh3
Nxd4 16. Kg2 Nec6 17. f4 Qa5 18. Rad1 Nxb3 0-1

[Event "Botvinnik 100th Open"]
[Site "St Petersburg RUS"]
[Date "2011.08.13"]
[Round "2"]
[White "Ponfilenok, Vladimir"]
[Black "Nedostup, Daniil"]
[Result "1-0"]
[WhiteElo "2413"]
[BlackElo "2033"]
[WhiteFideId "24113522"]
[BlackFideId "24121576"]
[EventDate "2011.08.12"]

1. d4 Nf6 2. Nf3 e6 3. g3 c5 4. Bg2 cxd4 5. Nxd4 Nc6 6. c4 a6 7. O-O Qc7 8. Nc3
Be7 9. b3 O-O 10. Bb2 d6 11. Rc1 Nxd4 12. Qxd4 Bd7 13. Rfd1 Rfd8 14. Ba3 Be8 15.
Bb4 Rac8 16. Qd2 Qb8 17. Qe3 Qc7 18. Bh3 Kf8 19. Ne4 Nxe4 20. Qxe4 Kg8 21. Bc3
Bc6 22. Qg4 Bf8 23. Qd4 b6 24. Bb2 Ba8 25. Bg2 Bxg2 26. Kxg2 Qb7+ 27. f3 Rd7 28.
Rd3 Rcd8 29. Qg4 a5 30. Rcd1 Qc6 31. Bf6 Rc8 32. a4 Qc5 33. Bd4 Qc6 34. Bb2 Rcd8
35. h4 Re8 36. Qg5 Red8 37. e4 h6 38. Qd2 Be7 39. Qe3 Bf8 40. Ba3 Kh8 41. Qf4
Kg8 42. Qg4 Qb7 43. Qh5 Qc6 44. Qb5 Qc7 45. Bc1 Be7 46. Be3 Rb8 47. e5 Rdd8 48.
Bf4 Qc5 49. exd6 Bf6 50. Be3 Qxb5 51. cxb5 Rd7 52. Rc1 Kf8 53. Rc6 Bd8 54. h5
Ke8 55. Kf2 f6 56. g4 Rf7 57. d7+ Rxd7 58. Rxe6+ Re7 59. Rdd6 Bc7 60. Rxe7+ Kxe7
61. Rc6 Rb7 62. Ke2 Bd8 63. Kd3 Rd7+ 64. Ke4 Rd6 65. Rxd6 Kxd6 66. Kf5 1-0

[Event "Botvinnik 100th Open"]
[Site "St Petersburg RUS"]
[Date "2011.08.13"]
[Round "2"]
[White "Kuzmin, Egor"]
[Black "Monin, Nikolay"]
[Result "1-0"]
[BlackTitle "IM"]
[WhiteElo "2033"]
[BlackElo "2403"]
[WhiteFideId "24101737"]
[BlackFideId "4104013"]
[EventDate "2011.08.12"]

1. d4 Nf6 2. c4 g6 3. Nc3 Bg7 4. e4 d6 5. Nf3 O-O 6. Be2 Nbd7 7. O-O e5 8. Re1
c6 9. Bf1 Ng4 10. d5 c5 11. h3 Nh6 12. Ng5 Kh8 13. a3 Ng8 14. b4 h6 15. Nf3 f5
16. Rb1 f4 17. bxc5 Nxc5 18. Na4 Nxa4 19. Qxa4 g5 20. Nh2 h5 21. Qd1 Nf6 22. f3
Rg8 23. Bb2 b6 24. a4 Bh6 25. Be2 a5 26. Ba3 g4 27. fxg4 Nxe4 28. Qd3 Nc5 29.
Bxc5 bxc5 30. Bf3 Bg5 31. Re2 Bh4 32. gxh5 Bg3 33. Ng4 Qg5 34. Rb6 Bf5 35. Qc3
Kh7 36. Rxd6 Rab8 37. Rb2 Bxg4 38. Bxg4 f3 39. gxf3 Rxb2 40. Qxb2 Qe3+ 41. Kg2
Bf4 42. Rd7+ Kh6 43. Qc2 e4 44. Qxe4 Rxg4+ 45. hxg4 Qd2+ 46. Kf1 Qd1+ 47. Kf2
Qd2+ 48. Qe2 Be3+ 49. Kf1 Qc1+ 50. Qe1 Qxc4+ 51. Kg2 1-0

[Event "Botvinnik 100th Open"]
[Site "St Petersburg RUS"]
[Date "2011.08.13"]
[Round "2"]
[White "Polyaninov, Aleksey"]
[Black "Pshenichny, Vladimir"]
[Result "1-0"]
[WhiteElo "2365"]
[BlackElo "2025"]
[WhiteFideId "4118499"]
[BlackFideId "4199138"]
[EventDate "2011.08.12"]

1. Nf3 Nf6 2. g3 c5 3. Bg2 e6 4. O-O Be7 5. d4 cxd4 6. Nxd4 a6 7. c4 d6 8. Nc3
Qc7 9. b3 Nc6 10. Bb2 O-O 11. Rc1 Nxd4 12. Qxd4 Bd7 13. Rfd1 Rfd8 14. h3 Rab8
15. Qe3 Qc5 16. Qxc5 dxc5 17. Ne4 Nxe4 18. Bxe4 Bc6 19. Bxc6 bxc6 20. Bc3 Rxd1+
21. Rxd1 Rd8 22. Rxd8+ Bxd8 23. Be5 Be7 24. e4 f6 25. Bc3 e5 26. f4 exf4 27.
gxf4 Kf7 28. Kf2 g5 29. Kf3 h5 30. Bd2 Ke6 31. Be3 Kf7 32. e5 gxf4 33. Kxf4 Ke6
34. exf6 Kxf6 35. Ke4 Ke6 36. Bf4 Bf8 37. Bc7 Be7 38. Kf4 Kf6 39. Be5+ Kg6 40.
Bc7 Kf6 41. Ba5 Bd6+ 42. Ke4 Be7 43. Bd2 Ke6 44. Be1 Bd6 45. Bh4 Bc7 46. Bg5 Bd6
47. Bh6 Kf6 48. a3 Be7 49. Bd2 Ke6 50. Kf4 Kf6 51. Bc3+ Ke6 52. Be1 Bf6 53. Bf2
Bd4 54. Bh4 Bb2 55. Kg5 Bxa3 56. Bf2 a5 57. h4 Bb4 58. Kxh5 Kf5 59. Kh6 Bd2+ 60.
Kg7 Bc3+ 61. Kf7 Bf6 62. h5 Bd4 63. Be1 Be3 64. Bxa5 Ke5 65. Kg6 Ke6 66. Bd8 Bd4 1-0

[Event "Botvinnik 100th Open"]
[Site "St Petersburg RUS"]
[Date "2011.08.13"]
[Round "2"]
[White "Abramichev, Artyom"]
[Black "Nuretdinov, Igor"]
[Result "0-1"]
[WhiteElo "2029"]
[BlackElo "2276"]
[WhiteFideId "4135520"]
[BlackFideId "14700085"]
[EventDate "2011.08.12"]

1. d4 d6 2. Nf3 g6 3. Bg5 Bg7 4. e3 Nf6 5. c4 h6 6. Bh4 g5 7. Bg3 Nh5 8. Nc3 e6
9. Bd3 Qe7 10. Ng1 Nxg3 11. hxg3 c5 12. Nge2 Nc6 13. Be4 Bd7 14. Nb5 O-O 15.
dxc5 dxc5 16. Qd6 Qxd6 17. Nxd6 f5 18. Bf3 g4 19. Bxc6 Bxc6 20. Nf4 e5 21. Ng6
Rf6 22. Ne7+ Kh7 23. Ndxf5 Bxg2 24. Rh5 Raf8 25. O-O-O R8f7 26. Nxg7 Kxg7 27.
Rxe5 Rxf2 28. Nc8 Re2 29. Rd2 Rf1+ 30. Kc2 Rxd2+ 31. Kxd2 Rf2+ 32. Kc3 Rf3 33.
Nxa7 Rxg3 34. Nb5 Kf6 35. Rxc5 Rxe3+ 36. Kd2 Re5 37. Rxe5 Kxe5 38. Ke3 h5 39.
Nd4 h4 40. Ne2 Bf1 41. Nf4 h3 42. Kf2 h2 0-1

[Event "Botvinnik 100th Open"]
[Site "St Petersburg RUS"]
[Date "2011.08.13"]
[Round "2"]
[White "Saduakassova, Dinara"]
[Black "Opanasenko, Mikhail"]
[Result "1/2-1/2"]
[WhiteTitle "WFM"]
[WhiteElo "2244"]
[BlackElo "2017"]
[WhiteFideId "13700090"]
[BlackFideId "24176834"]
[EventDate "2011.08.12"]

1. c4 e6 2. d4 Nf6 3. Nc3 Bb4 4. Qc2 O-O 5. a3 Bxc3+ 6. Qxc3 Ne4 7. Qc2 f5 8. e3
b6 9. Ne2 Bb7 10. Nc3 d6 11. Nxe4 Bxe4 12. Qd2 Nd7 13. f3 Bb7 14. Bd3 Qh4+ 15.
Qf2 Qxf2+ 16. Kxf2 e5 17. Bd2 e4 18. Bc2 c6 19. Rac1 Nf6 20. Rhd1 d5 21. Bb3
Rfc8 22. Ba2 Kf7 23. a4 a6 24. Bb3 Ke6 25. Ke2 Kd7 26. Rc3 Ne8 27. Rf1 Nf6 28.
Rfc1 Rab8 29. Be1 Ne8 30. Bg3 Ra8 31. Be5 Ke6 32. Rf1 exf3+ 33. gxf3 g6 34. Rfc1
Nd6 35. Bxd6 Kxd6 36. c5+ bxc5 37. dxc5+ Kd7 38. Bc2 Re8 39. Rb3 Kc7 40. Kf2 Re7
41. Rd1 Rae8 42. Rd4 a5 43. Rc3 Ba6 44. b3 Rb8 45. Bd1 g5 46. h3 h5 47. h4 g4
48. Kg3 Rb4 49. Bc2 Rxd4 50. exd4 Bc8 51. Kf4 Rg7 52. Bb1 gxf3 53. Rxf3 Rg4+ 54.
Ke3 Rxh4 55. Bxf5 Bxf5 56. Rxf5 Rh3+ 57. Kf4 Rxb3 58. Rxh5 Rb4 59. Rh7+ Kb8 60.
Ke5 Rxa4 61. Kd6 Rxd4 62. Kxc6 a4 63. Kd7 Rc4 64. c6 a3 65. Rh3 a2 66. Rb3+ Ka7
67. Ra3+ Kb6 68. Rxa2 Rxc6 69. Rb2+ Kc5 70. Rc2+ Kb4 71. Kxc6 d4 72. Kd5 d3 73.
Rc4+ Kb3 74. Rd4 Kc2 75. Rc4+ Kb3 76. Kd4 d2 77. Rc3+ Kb2 78. Rd3 Kc1 1/2-1/2